Slovenský raj : trasový sprievodca pre mládež /

Hlavní autor: Pavlik, Eduard
Další autoři: Tóth, Arnold, Vojtáš, Matej, 1904-1968
Jazyk: Slovenština
Vydáno: Bratislava : Šport, 1965
Vydání: 1. vyd.
Edice: Mladý turista poznáva svoju vlasť
Témata:
Fyzický popis: 68 s., obr. příl. : il., mapy
Knihy
Uloženo v:
LEADER 01160nam a22002892a 4500
001 000086635
003 CZ BrMZK
005 20220315100229.0
007 ta
008 960707s1965 xo abf f 000 0 slo d
040 |a BOA001  |b cze 
100 1 |a Pavlik, Eduard  |4 aut 
245 1 0 |a Slovenský raj :  |b trasový sprievodca pre mládež /  |c Eduard Pavlík, Arnold Tóth a Matej Vojtáš 
250 |a 1. vyd. 
260 |a Bratislava :  |b Šport,  |c 1965 
300 |a 68 s., obr. příl. :  |b il., mapy 
490 1 |a Mladý turista poznáva svoju vlasť 
504 |a Obsahuje bibliografii 
700 1 |a Tóth, Arnold  |4 aut 
700 1 |a Vojtáš, Matej,  |d 1904-1968  |7 jx20051027055  |4 aut 
830 0 |a Mladý turista poznáva svoju vlasť 
910 |a BOA001  |b PK-A-0009.626  |b 1-0536.491 
964 |a Slovenský ráj - průvodci pro mládež 
990 |a BK 
996 6 |b 2619458185  |c 1-0536.491  |l MZK  |r Sklad / do 1 hodiny  |n 0  |w 000086635  |u 000030  |a 1  |e BOA001  |j MZK50  |s P 
996 7 |b 3119965785  |c PK-A-0009.626  |l MZK  |r Sklad / do 1 hodiny  |n 1  |w 000086635  |u 000010  |a 1  |e BOA001  |j MZK50  |s A 
996 7 |b BC-48327  |c PK-A-0009.626  |l MZK  |r Sklad / do 1 hodiny  |n 1  |w 000086635  |u 000020  |a 1  |e BOA001  |j MZK50  |s A